<?xml version="1.0" encoding="UTF-8"?>
<record
    xmlns:xsi="http://www.w3.org/2001/XMLSchema-instance"
    xsi:schemaLocation="http://www.loc.gov/MARC21/slim http://www.loc.gov/standards/marcxml/schema/MARC21slim.xsd"
    xmlns="http://www.loc.gov/MARC21/slim">

  <leader>00197nam a2200085   4500</leader>
  <controlfield tag="001">1231377</controlfield>
  <controlfield tag="005">20250918110213.0</controlfield>
  <datafield tag="245" ind1=" " ind2=" ">
    <subfield code="a">TOZKOPARAN &#x130;SKENDER &#xC7;&#xD6;L ASLANI</subfield>
    <subfield code="c">TRT</subfield>
  </datafield>
  <datafield tag="260" ind1=" " ind2=" ">
    <subfield code="b">YED&#x130;VEREN &#xC7;OCUK</subfield>
  </datafield>
  <datafield tag="999" ind1=" " ind2=" ">
    <subfield code="c">1231377</subfield>
    <subfield code="d">1231377</subfield>
  </datafield>
  <datafield tag="952" ind1=" " ind2=" ">
    <subfield code="0">0</subfield>
    <subfield code="1">0</subfield>
    <subfield code="2">ddc</subfield>
    <subfield code="4">0</subfield>
    <subfield code="7">0</subfield>
    <subfield code="a">1026</subfield>
    <subfield code="b">1026</subfield>
    <subfield code="d">2025-09-18</subfield>
    <subfield code="l">0</subfield>
    <subfield code="o">M4</subfield>
    <subfield code="p">102620047</subfield>
    <subfield code="r">2026-04-14 09:13:29</subfield>
    <subfield code="w">2025-09-18</subfield>
    <subfield code="y">BK</subfield>
  </datafield>
</record>
